| 000 | 00379nam a2200157Ia 4500 | ||
|---|---|---|---|
| 005 | 20250703160752.0 | ||
| 008 | 240331s9999 xx 000 0 und d | ||
| 020 | _a9555990379 | ||
| 082 |
_bDEV _a891 |
||
| 100 | _aDevapriya,S | ||
| 245 | 0 | _aAmba yaluwo | |
| 260 |
_aRatmalana _bSarvodaya Book Publishing Services _c1991 |
||
| 300 | _a149 p ., | ||
| 650 | _aTeleplay | ||
| 942 | _cL | ||
| 999 |
_c5365 _d5365 |
||